| 000 | 00598nam a22002177a 4500 | ||
|---|---|---|---|
| 003 | OSt | ||
| 005 | 20220107122724.0 | ||
| 008 | 130914b xxu||||| |||| 00| 0 eng d | ||
| 020 | _a9780136086208 | ||
| 040 | _cIIITM-K | ||
| 082 | _a005.74 ELM/F | ||
| 100 |
_aElmasri, Ramez _92393 |
||
| 245 |
_aFundamentals of database systems _cby Ramez Elmasri, Shamkant B Navathe |
||
| 250 | _a6th edition | ||
| 260 |
_aUSA, _bPearson, _c2011. |
||
| 300 | _axxvii, 1172p. | ||
| 650 |
_aCOMPUTER SCIENCE _92394 |
||
| 650 |
_aDATABASE SYSTEMS _92395 |
||
| 700 |
_aNavathe, Shamkant B _92396 |
||
| 942 |
_2ddc _cBK |
||
| 999 |
_c3389 _d3389 |
||